| 000 | 00487nac a22001571u 4500 | ||
|---|---|---|---|
| 082 |
_a621.4022 _bCHA |
||
| 090 |
_c9339 _d9339 |
||
| 100 | _aChattopadhyay, P. | ||
| 245 |
_aProblems on heat transfer/ _cP. Chattopadhyay |
||
| 260 |
_aNew Delhi: _bKhanna Publishers,1989 _c1989 |
||
| 300 |
_a344p.: _bill.; _c24 cm. |
||
| 500 | _adistributer: Al-Ahram | ||
| 511 | _acatalogued by: wessam | ||
| 650 | _aHeat transmission | ||
| 942 |
_cBB _k621.4022CHA |
||
| 999 |
_c9339 _d9339 |
||